Stav a vývoj komunitného vzdelávania v Škótsku
Princípy komunitného vzdelávania a rozvoja. Komunitné plánovanie. Vzdelávanie a rozvoj komunity v praxi. Financovanie komunitného vzdelávania a rozvoja. Príčiny úspechov realizácie komunitného vzdelávania.
Salvato in:
| Autore principale: | |
|---|---|
| Natura: | Capitolo di libro |
| Lingua: | slovacco |
| Soggetti: | |
| Tags: |
Nessun Tag, puoi essere il primo ad aggiungerne!!
|
MARC
| LEADER | 00000naa$a2200000$$$4500 | ||
|---|---|---|---|
| 001 | 0068033 | ||
| 005 | 20230918125520.0 | ||
| 041 | 0 | |a slo | |
| 044 | |a SK | ||
| 245 | 1 | 0 | |a Stav a vývoj komunitného vzdelávania v Škótsku |c Steve McHardy |
| 520 | |a Princípy komunitného vzdelávania a rozvoja. Komunitné plánovanie. Vzdelávanie a rozvoj komunity v praxi. Financovanie komunitného vzdelávania a rozvoja. Príčiny úspechov realizácie komunitného vzdelávania. | ||
| 610 | 2 | 0 | |a vzdelávanie |
| 610 | 2 | 0 | |a Škótsko |
| 610 | 2 | 0 | |a plánovanie |
| 610 | 2 | 0 | |a financovanie |
| 100 | 1 | |a McHardy, Steve | |